|
|
|
|
| LEADER |
00000nam a22000007a 4500 |
| 005 |
20170301234257.0 |
| 007 |
cr|||| |||| |
| 008 |
170301s2016 cl |||||s|||| 00||0 spa d |
| 020 |
|
|
|a 978-956-330-055-0
|
| 035 |
|
|
|a 14763
|
| 040 |
|
|
|a vLex
|
| 090 |
|
|
|c 6569
|d 6569
|
| 100 |
1 |
|
|a Jimňez Allendes, Mara̕ Angľica
|
| 245 |
1 |
0 |
|a Violencia contra la pareja en la justicia penal
|h [Recurso electrn̤ico] :
|b Mayores penas, mayor violencia /
|c Mara̕ Angľica Jimňez Allendes, Paula Medina Gonzl̀ez
|
| 256 |
|
|
|a Servicio en ln̕ea
|
| 260 |
|
|
|a Santiago de Chile:
|b Universidad Central de Chile. Facultad de Ciencias Jurd̕icas y Sociales,
|c 2016
|
| 300 |
|
|
|a 1 recurso electrn̤ico
|
| 506 |
1 |
|
|a Disponible solo en los productos indicados
|d vLex Global
|d vLex Global (Academic Edition, excluding Law Schools)
|d vLex Global (U.S. Academic Edition, Law Schools)
|d vLex Global (U.S. Academic Edition, excluding Law Schools)
|d vLex Global (Academic Edition, Law Schools)
|
| 650 |
0 |
4 |
|a Ciencias sociales
|z Chile
|
| 700 |
1 |
|
|a Medina Gonzl̀ez, Paula
|
| 740 |
0 |
|
|a vLex Libros (Servicio en ln̕ea)
|
| 856 |
4 |
0 |
|u http://vlex.com/source/violencia-contra-pareja-justicia-penal-14763
|z Acceso restringido
|
| 942 |
|
|
|c BOOK
|
| 999 |
0 |
|
|a Social Sciences
|